| 000 | 00719nam a2200205 u 4500 | ||
|---|---|---|---|
| 005 | 20240424063756.0 | ||
| 008 | 170824s1999 mx r 000 0 spa d | ||
| 020 | _a9683679471 | ||
| 035 | _aUPN01000219922 | ||
| 049 | _aCG | ||
| 050 | 4 |
_aF1234 _bC9.7 |
|
| 100 | 1 |
_aCuriel, Fernando, _d1942- _939537 |
|
| 245 | 1 | 3 |
_aLa revuelta : _binterpretación del Ateneo de la Juventud : 1906-1929 / _cFernando Curiel. |
| 260 |
_aMéxico : _bUNAM, Instituto de Investigaciones Filológicas, Centro de Estudios Literarios, _c1999. |
||
| 300 |
_a467 p., [8] h. de láms. : _bil. |
||
| 610 | 2 | 4 |
_aAteneo de la Juventud (México) _98555 |
| 651 | 4 |
_aMéxico _xVida intelectual _ySiglo XX _96688 |
|
| 905 | _aLibro | ||
| 999 |
_c192021 _d192021 |
||